| 000 -LEADER |
| fixed length control field |
01076pab a2200181 454500 |
| 008 - FIXED-LENGTH DATA ELEMENTS--GENERAL INFORMATION |
| fixed length control field |
180718b2010 xxu||||| |||| 00| 0 eng d |
| 100 ## - MAIN ENTRY--PERSONAL NAME |
| Personal name |
Parsons, Craig |
| 245 ## - TITLE STATEMENT |
| Title |
Revisiting the single European act (and the common wisdom on globalization) |
| 260 ## - PUBLICATION, DISTRIBUTION, ETC. |
| Date of publication, distribution, etc. |
2010 |
| 300 ## - PHYSICAL DESCRIPTION |
| Extent |
p.706-34. |
| 362 ## - DATES OF PUBLICATION AND/OR SEQUENTIAL DESIGNATION |
| Dates of publication and/or sequential designation |
Jun |
| 520 ## - SUMMARY, ETC. |
| Summary, etc. |
The European program of liberaliztion launched by the Single European Act (SEA) of 1987 is commonly seen as a powerful instance of "globalization" trends of economic integration, liberalization, and international institution building. This article revisits the origins of the SEA to argue that the extent and success of its liberalizing program depended on a causally distinct push for European institutional reform. A retracing of concrete political patterns behind the SEA greatly streng;thens broader statistical and theoretical challenges to the notion of strong universal trends of globalization. - Reproduced. |
| 650 ## - SUBJECT ADDED ENTRY--TOPICAL TERM |
| Topical term or geographic name entry element |
European Union |
| 650 ## - SUBJECT ADDED ENTRY--TOPICAL TERM |
| Topical term or geographic name entry element |
Globalization |
| 773 ## - HOST ITEM ENTRY |
| Main entry heading |
Comparative Political Studies |
| 908 ## - PUT COMMAND PARAMETER (RLIN) |
| Put command parameter |
N |
| 909 ## - |
| -- |
87114 |